Sí, Padre / (Record no. 75217)

MARC details
000 -LEADER
campo de control de longitud fija 00645nam a2200217 i 4500
001 - NÚMERO DE CONTROL
campo de control 75217
003 - IDENTIFICADOR DE NÚMERO DE CONTROL
campo de control ES-MaACL
005 - FECHA Y HORA DE LA ÚLTIMA TRANSACCIÓN
campo de control 20250826111424.0
007 - CAMPO FIJO DE DESCRIPCIÓN FÍSICA--INFORMACIÓN GENERAL
campo de control de longitud fija t|
008 - DATOS DE LONGITUD FIJA--INFORMACIÓN GENERAL
campo de control de longitud fija 040923s1966 sp ||||1| spa d
100 1# - ENTRADA PRINCIPAL--NOMBRE DE PERSONA
Nombre de persona Graef, Richard.
9 (RLIN) 59496
245 10 - MENCIÓN DEL TÍTULO
Título Sí, Padre /
Mención de responsabilidad, etc. Ricardo Gräf ; [traducido por Antonio Sancho].
250 ## - MENCION DE EDICION
Mención de edición 7ª ed. española.
260 ## - PUBLICACIÓN, DISTRIBUCIÓN, ETC.
Lugar de publicación, distribución, etc. Madrid :
Nombre del editor, distribuidor, etc. Atenas,
Fecha de publicación, distribución, etc. [1966]
300 ## - DESCRIPCIÓN FÍSICA
Extensión 256 p. ;
Dimensiones 20 cm.
650 07 - PUNTO DE ACCESO ADICIONAL DE MATERIA--TÉRMINO DE MATERIA
Término de materia o nombre geográfico como elemento de entrada Vida cristiana
Fuente del encabezamiento o término embne
9 (RLIN) 17790
650 #4 - PUNTO DE ACCESO ADICIONAL DE MATERIA--TÉRMINO DE MATERIA
Término de materia o nombre geográfico como elemento de entrada Ascetismo.
9 (RLIN) 10365
700 1# - ENTRADA AGREGADA--NOMBRE PERSONAL
Nombre de persona Sancho Nebot, Antonio,
Fechas asociadas al nombre 1884-1961
9 (RLIN) 103048
852 ## - LOCALIZACIÓN
Ubicación ES-MaACL
Número de control de estantería C-31661
Sublocalización o colección R.60973
Holdings
Estatus retirado Estado de pérdida Estado de daño No para préstamo Biblioteca de origen Biblioteca actual Ubicación en estantería Fecha de adquisición Fuente de adquisición Total de préstamos Signatura topográfica completa Código de barras Visto por última vez Precio de reemplazo Tipo de ítem Koha
        Biblioteca del Ateneo de Madrid Biblioteca del Ateneo de Madrid Depósito 2 17/01/2008     C-31661 1078727 23/02/2023 23/02/2023 Libro impreso